BIBLIOTECA

SENCICO

Diccionario y Manual de Contabilidad y Administración. Tomo 5 (Registro nro. 1498)

Detalles MARC
000 -LEADER
fixed length control field 00643nam a2200229Ia 4500
005 - DATE AND TIME OF LATEST TRANSACTION
control field 20251020182513.0
008 - FIXED-LENGTH DATA ELEMENTS--GENERAL INFORMATION
fixed length control field 200515s9999 xx 000 0 und d
082 ## - DEWEY DECIMAL CLASSIFICATION NUMBER
Classification number 657+65(031)/D69/t.5
100 ## - MAIN ENTRY--PERSONAL NAME
Personal name Dias Mosto, Jorge
245 #0 - TITLE STATEMENT
Title Diccionario y Manual de Contabilidad y Administración. Tomo 5
260 ## - PUBLICATION, DISTRIBUTION, ETC.
Place of publication, distribution, etc. Lima
260 ## - PUBLICATION, DISTRIBUTION, ETC.
Name of publisher, distributor, etc. Editorial de Libros Técnicos
260 ## - PUBLICATION, DISTRIBUTION, ETC.
Date of publication, distribution, etc. [s.a.]
300 ## - PHYSICAL DESCRIPTION
Extent 225 p.
300 ## - PHYSICAL DESCRIPTION
Other physical details il., tbl., graf.
500 ## - GENERAL NOTE
General note 1 ejemplar. Tomo 5
520 ## - SUMMARY, ETC.
Summary, etc. Terminología contable y administrativa presentada en 5 tomos.
650 ## - SUBJECT ADDED ENTRY--TOPICAL TERM
Topical term or geographic name entry element CONTABILIDAD
650 ## - SUBJECT ADDED ENTRY--TOPICAL TERM
Topical term or geographic name entry element DICCIONARIOS
942 ## - ADDED ENTRY ELEMENTS (KOHA)
Koha item type Libros
Existencias
Fecha de la última vez que lo usaron Pago total Signatura topográfica completa Código de barras Precio efectivo desde Tipo de documento Estado perdido Estado dañado No es para préstamo Retirado Ubicación permanente Ubicación actual Fecha de adquisición
15/05/2020   657+65(031)/D69/t.5 Bib-Lima15051498 15/05/2020 Libros         Biblioteca Central Lima Biblioteca Central Lima 15/05/2020